Hospodářský růst a strukturální změny

Enregistré dans:
Détails bibliographiques
Auteur principal: Kadeřábková, Anna
Collectivité auteur: Vysoká škola ekonomická v Praze. Národohospodářská fakulta
Format: Livre
Langue:tchèque
Publié: Praha VŠE v Praze, Nakladatelství Oeconomica 2002
Sujets:
Tags: Ajouter un tag
Pas de tags, Soyez le premier à ajouter un tag!

MARC

LEADER 00000nam$a2200000$$$4500
001 0031156
005 20221129100955.0
020 |a 80-245-0466-9 
041 0 |a cze 
044 |a CZ 
245 1 0 |a Hospodářský růst a strukturální změny  |c Anna Kadeřábková et al. 
264 1 |a Praha  |b VŠE v Praze, Nakladatelství Oeconomica  |c 2002 
300 |a 228 s. 
610 2 0 |a rast hospodársky 
610 2 0 |a zmeny štruktúrne 
610 2 0 |a zmeny technologické 
610 2 0 |a konkurencieschopnosť 
610 2 0 |a analýza štruktúrna 
610 2 0 |a politika hospodárska 
610 2 0 |a porovnanie medzinárodné 
610 2 0 |a obchod 
610 2 0 |a výkonnosť 
610 2 0 |a regióny 
610 2 0 |a výhody konkurenčné 
100 1 |a Kadeřábková, Anna 
710 2 |a Vysoká škola ekonomická v Praze. Národohospodářská fakulta